000 00727nam a22001815i 4500
001 54454
003 ES-MaACL
007 t|
008 960721s1899 sp ||||1| spa d
040 _aCAM
_bspa
_cCAM
100 1 _aForns, Rafael María.
_951796
245 1 0 _aContribución al estudio del tegumento que reviste las diversas cavidades del oído medio ... /
_ccomunicación ... por el Dr. Forns.
260 _aMadrid :
_b[s.n.],
_c1899 (
_fEstabl. tipog. de los sucesores de Cuesta)
300 _a8 p. ;
_c24 cm.
500 _aPrecede al título: Segundo Congreso Español de Oto-rino-laringología.
711 2 _aCongreso Español de Otorrinolaringología (
_n2º.
_d1899.
_cBarcelona)
_9357
852 _aES-MaACL
_jT-929-F-9
999 _c54454
_d54454